Die 10 größten Städte - Alabama - Statistiken

Allgemein
  • Dieses Quiz wurde 12 mal gespielt
  • Das Durchschnittsergebnis liegt bei 6 aus 10
Antwortstatistiken
Einwohner Stadt % Korrekt
195.287 Montgomery
90%
196.644 Birmingham
80%
182.595 Mobile
80%
225.564 Huntsville
60%
82.025 Auburn
50%
58.321 Decatur
50%
92.448 Hoover
50%
111.338 Tuscaloosa
50%
71.258 Dothan
20%
60.854 Madison
20%
Keine übereinstimmenden Quizze gefunden
Verteilung der Resultate
Anzahl Personen mit jedem Resultat
Perzentil nach korrekt beantworteten Fragen
Ihre Resultats-Entwicklung
Sie haben dieses Quiz noch nicht gespielt